David Guetta Quiz - Statistics

General Stats
  • This quiz has been taken 82 times
    78 since last reset
  • The average score is 20 of 119
Answer Stats
Song % Correct
Titanium
89%
Dangerous
61%
Sexy Bitch
61%
Hey Mama
58%
Memories
55%
Lovers On the Sun
47%
Play Hard
45%
Without You
45%
Where Them Girls At
42%
Turn Me On
41%
Who's That Chick
41%
Bang My Head
38%
Bad
36%
Little Bad Girl
36%
When Love Takes Over
36%
I Can Only Imagine
34%
One Love
34%
Shot Me Down
34%
Gettin' Over
33%
Love is Gone
30%
What I Did For Love
28%
Club Can't Handle Me
27%
Listen
27%
Sun Goes Down
27%
Goodbye Friend
23%
Love Don't Let Me Go
23%
Sunshine
23%
The World is Mine
23%
Sweat
22%
Baby When the Light
20%
She Wolf (Falling to Pieces)
20%
Gettin' Over You
19%
I Just Wanna F***
19%
Just One Last Time
19%
Yesterday
19%
You
19%
Delirious
17%
Just A Little More Love
17%
Lift Me Up
17%
Lunar
17%
I'll Keep Loving You
16%
Metropolis
16%
Night of Your Life
16%
No Money No Love
16%
S.T.O.P.
16%
Crank It Up
14%
Money
14%
Nothing Really Matters
14%
Rest of My Life
14%
Rise
14%
Stay
14%
The Alphabeat
14%
Paris
13%
Repeat
13%
ACDC
11%
Blast Off
11%
Everytime We Touch
11%
GRRRR
11%
In Love With Myself
11%
On the Dancefloor
11%
The Whisperer
11%
Get Up
9%
Glasgow
9%
Higher
9%
Last Train
9%
Missing You
9%
Movement Girl
9%
Open Your Eyes
9%
Revolver
9%
Choose
8%
Distortion
8%
Dreams
8%
Every Chance We Get We Run
8%
It's the Way You Love Me
8%
I Wanna Go Crazy
8%
Joan of Arc
8%
Time
8%
Tomorrow Can Wait
8%
Toy Story
8%
Used to Be the One
8%
Wild One Two
8%
Winner of the Game
8%
Acapella
6%
Always
6%
Atomic Food
6%
Commander
6%
Do Something Love
6%
How Soon is Now
6%
I'm A Machine
6%
In My Head
6%
Love Don't Let Me Go (Walking Away)
6%
Metro Music
6%
Montenegro
6%
Never Take Away My Freedom
6%
People Come People Go
6%
Right Now
6%
This is Not a Love Song
6%
Toyfriend
6%
You're Not Alone
6%
Don't Be Afraid
5%
If We Ever
5%
It's Your Life
5%
LaserLight
5%
Lately
5%
Louder Than Word
5%
Old School Acid
5%
Sexy 17
5%
Sound of Letting Go
5%
The Future
5%
133
3%
Can't U Feel the Change
3%
Give Me Something (Deep in My Heart)
3%
I Need You Now
3%
It's Alright (Preaching Paris)
3%
Take Me Away
3%
You Are the Music
3%
Change Comes
0%
Freak
0%
One Voice
0%
No matching quizzes found
Score Distribution
Percent of People with Each Score
Percentile by Number Answered
Your Score History
You have not taken this quiz since the last reset